El Opus Dei, una interpretación / (Record no. 108346)

MARC details
000 -LEADER
campo de control de longitud fija 00653nam a2200241 i 4500
001 - NÚMERO DE CONTROL
campo de control 108346
003 - IDENTIFICADOR DE NÚMERO DE CONTROL
campo de control ES-MaACL
005 - FECHA Y HORA DE LA ÚLTIMA TRANSACCIÓN
campo de control 20230906184628.0
007 - CAMPO FIJO DE DESCRIPCIÓN FÍSICA--INFORMACIÓN GENERAL
campo de control de longitud fija t|
008 - DATOS DE LONGITUD FIJA--INFORMACIÓN GENERAL
campo de control de longitud fija 061121s1974 sp r ||||1| spa d
020 ## - NÚMERO INTERNACIONAL ESTÁNDAR DEL LIBRO
Número Internacional Estándar del Libro 84-85029-16-X
100 1# - ENTRADA PRINCIPAL--NOMBRE DE PERSONA
Nombre de persona Moncada, Alberto.
9 (RLIN) 82116
245 13 - MENCIÓN DEL TÍTULO
Título El Opus Dei, una interpretación /
Mención de responsabilidad, etc. Alberto Moncada.
260 ## - PUBLICACIÓN, DISTRIBUCIÓN, ETC.
Lugar de publicación, distribución, etc. Madrid :
Nombre del editor, distribuidor, etc. Índice,
Fecha de publicación, distribución, etc. 1974.
300 ## - DESCRIPCIÓN FÍSICA
Extensión 147 p. ;
Dimensiones 21 cm.
490 1# - MENCIÓN DE SERIE
Mención de serie Colección Unamuno
610 24 - PUNTO DE ACCESO ADICIONAL DE MATERIA--NOMBRE DE ENTIDAD CORPORATIVA
Nombre de entidad corporativa o nombre de jurisdicción como elemento de entrada Opus Dei.
9 (RLIN) 6035
830 1# - PUNTO DE ACCESO ADICIONAL DE SERIE-TÍTULO UNIFORME
Título uniforme Colección Unamuno
9 (RLIN) 183570
852 ## - LOCALIZACIÓN
Ubicación ES-MaACL
Número de control de estantería E-6827
852 ## - LOCALIZACIÓN
Ubicación ES-MaACL
Número de control de estantería E-5390
852 ## - LOCALIZACIÓN
Ubicación ES-MaACL
Número de control de estantería E-5888
Holdings
Estatus retirado Estado de pérdida Estado de daño No para préstamo Biblioteca de origen Biblioteca actual Ubicación en estantería Fecha de adquisición Fuente de adquisición Total de préstamos Signatura topográfica completa Código de barras Visto por última vez Precio de reemplazo Tipo de ítem Koha
        Biblioteca del Ateneo de Madrid Biblioteca del Ateneo de Madrid Depósito 2 17/01/2008     E-5888 1113055 23/02/2023 23/02/2023 Libro impreso
        Biblioteca del Ateneo de Madrid Biblioteca del Ateneo de Madrid Depósito 2 17/01/2008     E-6827 1113053 23/02/2023 23/02/2023 Libro impreso
        Biblioteca del Ateneo de Madrid Biblioteca del Ateneo de Madrid Depósito 2 17/01/2008     E-5390 1113054 23/02/2023 23/02/2023 Libro impreso